书目信息 |
| 题名: |
概率与统计导学教程
|
|
| 作者: | 陈仲堂 主编 | |
| 分册: | ||
| 出版信息: | 北京 北京理工大学出版社 2020.02 |
|
| 页数: | 108页 | |
| 开本: | 26cm | |
| 丛书名: | ||
| 单 册: | ||
| 中图分类: | O21 | |
| 科图分类: | ||
| 主题词: | 概率论--gai lv lun--教材 , 数理统计--shu li tong ji--教材 | |
| 电子资源: | ||
| ISBN: | 978-7-5682-8138-6 | |
| 000 | 00840nam0 2200241 450 | |
| 001 | 2056510183 | |
| 005 | 20201105154202.57 | |
| 010 | @a978-7-5682-8138-6@dCNY25.00 | |
| 100 | @a20200415d2020 em y0chiy50 ea | |
| 101 | 0 | @achi |
| 102 | @aCN@b110000 | |
| 105 | @ay a 000yy | |
| 200 | 1 | @a概率与统计导学教程@Agai lv yu tong ji dao xue jiao cheng@f主编陈仲堂 |
| 210 | @a北京@c北京理工大学出版社@d2020.02 | |
| 215 | @a108页@d26cm | |
| 320 | @a有书目 (第108页) | |
| 330 | @a全书分为七章: 随机事件及其概率、一维随机变量及其分布、多维随机变量及其分布、随机变量的数字特征、大数定律及中心极限定理、样本及抽样分布、参数估计。 | |
| 606 | 0 | @a概率论@Agai lv lun@j教材 |
| 606 | 0 | @a数理统计@Ashu li tong ji@j教材 |
| 690 | @aO21@v5 | |
| 701 | 0 | @a陈仲堂@Achen zhong tang@4主编 |
| 801 | 0 | @aCN@b人天书店@c20201005 |
| 905 | @aZUCC@dO21@eC656 | |
| 概率与统计导学教程/主编陈仲堂.-北京:北京理工大学出版社,2020.02 |
| 108页;26cm |
| ISBN 978-7-5682-8138-6:CNY25.00 |
| 全书分为七章: 随机事件及其概率、一维随机变量及其分布、多维随机变量及其分布、随机变量的数字特征、大数定律及中心极限定理、样本及抽样分布、参数估计。 |
| ● |
| 相关链接 |
|
|
|
正题名:概率与统计导学教程
索取号:O21/C656
 
预约/预借
| 序号 | 登录号 | 条形码 | 馆藏地/架位号 | 状态 | 备注 |
| 1 | 1479724 | 214797246 | 自科库401/401自科库 46排2列2层/ [索取号:O21/C656] | 在馆 | |
| 2 | 1479725 | 214797255 | 自科库401/401自科库 46排2列2层/ [索取号:O21/C656] | 在馆 |